[Event "?"]
[Site "ICS Rated Blitz match, 131.24"]
[Date "1997.??.??"]
[Round "?"]
[White "Brause"]
[Black "Wildsau"]
[Result "1-0"]
[WhiteElo "2360"]
[BlackElo "2420"]
[PlyCount "125"]

1. e4 e5 2. Nf3 Nc6 3. Nc3 Nf6 4. Nxe5 Nxe5 5. d4 Nc6 6. d5 Na5 7. e5 Qe7 8.
Qe2 Ng8 9. d6 Qh4 10. Nd5 Kd8 11. g3 Qd4 12. Bg5+ Ne7 13. Bxe7+ Bxe7 14. dxe7+
Ke8 15. Nxc7+ Kxe7 16. c3 Qc5 17. Nxa8 b6 18. Bg2 Bb7 19. Bxb7 Nxb7 20. Qe4 Qc8
21. Qh4+ Kf8 22. O-O-O Nc5 23. Nxb6 axb6 24. Qd4 Ke8 25. Rhe1 Rg8 26. f4 Qc6
27. Re2 Ne6 28. Qd3 g6 29. Red2 Nc5 30. Qd6 Rf8 31. Qxc6 dxc6 32. Rd6 Ke7 33.
Rxc6 Nd7 34. Rxd7+ Kxd7 35. Rxb6 Ra8 36. a3 Ra5 37. Kd2 g5 38. Ke3 h5 39. Kd4
gxf4 40. gxf4 Ra8 41. c4 Rg8 42. Rb7+ Ke6 43. Ke4 f5+ 44. Kf3 Rg1 45. Rb6+ Ke7
46. b4 Rc1 47. c5 Rc3+ 48. Kf2 Rxa3 49. b5 Ra4 50. Ke3 Re4+ 51. Kf3 Rc4 52.
Rb7+ Ke8 53. c6 Rc3+ 54. Ke2 Kd8 55. Rd7+ Kc8 56. e6 Rc4 57. e7 Re4+ 58. Kd3
Rxe7 59. Rxe7 h4 60. b6 Kd8 61. Rd7+ Kc8 62. h3 Kb8 63. Rd8# 1-0

[Event "?"]
[Site "ICS Rated Blitz match, 131.24"]
[Date "1997.??.??"]
[Round "?"]
[White "Brause"]
[Black "Lichtzahn"]
[Result "0-1"]
[WhiteElo "2345"]
[BlackElo "2525"]
[PlyCount "52"]

1. e4 e5 2. Nf3 Nc6 3. Nc3 Nf6 4. Nxe5 Nxe5 5. d4 Ng6 6. e5 Ng8 7. Bc4 c6 8.
Qe2 Qb6 9. Qf3 f5 10. Qd3 d5 11. exd6 Bxd6 12. O-O Bd7 13. b3 N8e7 14. Bg5 Qc7
15. Qh3 b5 16. Bd3 O-O 17. a4 b4 18. Bc4+ Kh8 19. Ne2 Nd5 20. Rac1 Ngf4 21.
Bxf4 Bxf4 22. Rce1 Rae8 23. g3 Bh6 24. Qh5 f4 25. Rb1 f3 26. Nc1 Rf5 0-1

[Event "?"]
[Site "ICS Rated Blitz match, 131.24"]
[Date "1997.??.??"]
[Round "?"]
[White "Brause"]
[Black "esteban"]
[Result "1-0"]
[WhiteElo "2305"]
[BlackElo "1810"]
[PlyCount "67"]

1. e4 e5 2. Nf3 Nc6 3. Nc3 Nf6 4. Nxe5 Nxe5 5. d4 Nc6 6. d5 Ne5 7. f4 Ng6 8. e5
Bb4 9. Qd4 Qe7 10. Be2 Bxc3+ 11. bxc3 O-O 12. exf6 Qxf6 13. Qxf6 gxf6 14. O-O
d6 15. Rb1 b6 16. Bc4 Bf5 17. Rf2 Rfe8 18. Bb2 Bd7 19. Bd3 Re3 20. Rbf1 Rae8
21. Rf3 Kg7 22. Rxe3 Rxe3 23. g3 Ne7 24. Bc1 Nxd5 25. Bxe3 Nxe3 26. Re1 Nf5 27.
Bxf5 Bxf5 28. Re7 c6 29. Rxa7 Bxc2 30. Ra6 d5 31. Rxb6 c5 32. Rb5 d4 33. Rxc5
d3 34. Rd5 1-0

[Event "?"]
[Site "ICS Rated Blitz match, 131.24"]
[Date "1997.??.??"]
[Round "?"]
[White "Brause"]
[Black "Wildsau"]
[Result "1-0"]
[WhiteElo "2150"]
[BlackElo "2385"]
[PlyCount "151"]

1. e4 e5 2. Nf3 Nf6 3. Nc3 Nc6 4. Nxe5 Nxe5 5. d4 Ng6 6. e5 Ng8 7. Bc4 d6 8.
Qf3 Qd7 9. O-O dxe5 10. dxe5 Nxe5 11. Re1 f6 12. Rxe5+ fxe5 13. Qh5+ Kd8 14.
Bxg8 Qf5 15. Bg5+ Be7 16. Bxe7+ Kxe7 17. Qh4+ Ke8 18. Nd5 Qd7 19. Re1 Qd6 20.
Qh5+ g6 21. Rxe5+ Kf8 22. Qh6+ Kxg8 23. Re7 Qxe7 24. Nxe7+ Kf7 25. Nxg6 Re8 26.
Qxh7+ Kf6 27. h4 Bf5 28. h5 Bxc2 29. Qxc7 Bxg6 30. hxg6 Re7 31. Qd6+ Re6 32.
Qd7 Re7 33. Qd3 Re1+ 34. Kh2 Rae8 35. a3 Kg7 36. f4 R1e3 37. Qd6 R3e6 38. Qd5
R8e7 39. f5 Re2 40. Qf3 R7e3 41. Qxb7+ Re7 42. Qc6 Re8 43. Qd7+ R8e7 44. Qd4+
R7e5 45. Qxa7+ Re7 46. Qd4+ R7e5 47. b4 R2e4 48. Qd7+ Re7 49. Qc6 R7e5 50. Kg3
Re8 51. a4 Kh6 52. Qf6 Rc8 53. a5 Rcc4 54. b5 Rg4+ 55. Kh3 Kh5 56. b6 Rh4+ 57.
Kg3 Rhg4+ 58. Kf3 Rcf4+ 59. Ke3 Re4+ 60. Kf2 Ra4 61. Qh8+ Kg5 62. b7 Ra2+ 63.
Kf1 Rb4 64. Qd8+ Kh5 65. Qd1+ Kh6 66. Qc1+ Kh5 67. g4+ Kxg4 68. g7 Kxf5 69.
g8=Q Ra1 70. Qxa1 Rf4+ 71. Kg2 Rg4+ 72. Qxg4+ Kxg4 73. Qg7+ Kf4 74. b8=Q+ Ke3
75. Qd6 Ke2 76. Qge5# 1-0

[Event "?"]
[Site "ICS Rated Blitz match, 131.24"]
[Date "1997.??.??"]
[Round "?"]
[White "Brause"]
[Black "struppi"]
[Result "1/2-1/2"]
[WhiteElo "2350"]
[BlackElo "2230"]
[PlyCount "98"]

1. e4 e5 2. Nf3 Nc6 3. Nc3 Nf6 4. Nxe5 Nxe5 5. d4 Ng6 6. e5 Ng8 7. Bc4 d6 8.
Qf3 f6 9. O-O dxe5 10. dxe5 Nxe5 11. Qe4 Ne7 12. Rd1 Bd7 13. Be6 Qc8 14. Bxd7+
Nxd7 15. Nb5 a6 16. Nd4 Ne5 17. Bf4 N7g6 18. Bg3 c5 19. Nb3 Be7 20. f4 Qc6 21.
Qe2 Nf7 22. h4 c4 23. Nd4 Qc5 24. h5 Nf8 25. Bf2 O-O-O 26. Ne6 Qc6 27. Nxd8
Bxd8 28. Rd4 Kb8 29. Rxc4 Qe6 30. Qxe6 Nxe6 31. Re4 Nc7 32. Rd1 Kc8 33. Bd4 Nd6
34. Re2 Re8 35. Rxe8 Ncxe8 36. g4 f5 37. g5 Ne4 38. Kg2 h6 39. Be3 hxg5 40.
fxg5 Bxg5 41. Bxg5 Nxg5 42. Rd5 Nf6 43. Rxf5 Nf7 44. Kf3 Kd7 45. c4 Ke6 46. Kf4
Nd6 47. Rc5 Kd7 48. Rg5 Nf7 49. Ra5 Kc6 1/2-1/2

[Event "?"]
[Site "ICS Rated Blitz match, 131.24"]
[Date "1997.??.??"]
[Round "?"]
[White "Brause"]
[Black "struppi"]
[Result "0-1"]
[WhiteElo "2305"]
[BlackElo "2240"]
[PlyCount "63"]

1. e4 e5 2. Nf3 Nc6 3. Nc3 Nf6 4. Nxe5 Nxe5 5. d4 Ng6 6. e5 Ng8 7. Bc4 d6 8.
Qf3 f6 9. O-O dxe5 10. dxe5 Nxe5 11. Qe4 Ne7 12. Rd1 Bd7 13. Be6 Qc8 14. Rxd7
Nxd7 15. Be3 Nc6 16. Rd1 Bd6 17. Nb5 Kd8 18. Rxd6 cxd6 19. Nxd6 Qc7 20. Nf7+
Ke8 21. Nxh8 Qe5 22. Bxd7+ Kxd7 23. Qxh7 Rd8 24. g3 Kc8 25. a3 Qxb2 26. Qxg7
Qxc2 27. h3 Rd1+ 28. Kh2 Qe4 29. Qf8+ Kc7 30. g4 Qf3 31. Qf7+ Kb8 32. Qe8+ 0-1

[Event "?"]
[Site "ICS Rated Blitz match, 131.24"]
[Date "1997.??.??"]
[Round "?"]
[White "Brause"]
[Black "Lichtzahn"]
[Result "0-1"]
[WhiteElo "2295"]
[BlackElo "2560"]
[PlyCount "67"]

1. e4 e5 2. Nf3 Nc6 3. Nc3 Nf6 4. Nxe5 Nxe5 5. d4 Ng6 6. e5 Ng8 7. Bc4 c6 8.
Qe2 Qb6 9. Qf3 f5 10. Qd3 d5 11. exd6 Bxd6 12. O-O Bd7 13. b3 N8e7 14. Bg5 Qc7
15. Qh3 b5 16. Bd3 O-O 17. a4 b4 18. Bc4+ Kh8 19. Ne2 Nd5 20. Rac1 Ngf4 21.
Bxf4 Bxf4 22. Rce1 Rae8 23. g3 Bh6 24. Qh5 f4 25. Ra1 Qc8 26. Nc1 Bh3 27. Nd3
Bxf1 28. Rxf1 Rd8 29. Ne5 Qe6 30. Qd1 Qf6 31. Ng4 Qg5 32. h4 Qh5 33. Ne5 Qxd1
34. Rxd1 0-1

[Event "?"]
[Site "ICS Rated Blitz match, 131.24"]
[Date "1997.??.??"]
[Round "?"]
[White "Brause"]
[Black "Lichtzahn"]
[Result "0-1"]
[WhiteElo "2295"]
[BlackElo "2565"]
[PlyCount "116"]

1. e4 e5 2. Nf3 Nc6 3. Nc3 Nf6 4. Nxe5 Nxe5 5. d4 Ng6 6. e5 Ng8 7. Bc4 c6 8.
Qe2 Qb6 9. f4 Nh6 10. Qe4 Be7 11. d5 Bb4 12. d6 O-O 13. Be3 Bxc3+ 14. bxc3 Qa5
15. Bd2 Re8 16. Qd3 Qc5 17. g3 Ng4 18. Qd4 Qxd4 19. cxd4 b5 20. Bd3 Bb7 21. O-O
Nf8 22. h3 Nh6 23. f5 Rac8 24. f6 Re6 25. fxg7 Kxg7 26. Rf2 Ng8 27. Raf1 f6 28.
Bf4 a6 29. exf6+ Kf7 30. Bf5 Ree8 31. Bd2 c5 32. dxc5 Rxc5 33. Bb4 Rce5 34. Bg4
Bd5 35. Bd2 Bxa2 36. Ra1 Be6 37. Rxa6 Bxg4 38. hxg4 h6 39. Rb6 Rd5 40. Rb7 Rxd6
41. Rxb5 Nh7 42. Bc3 Ngxf6 43. Bxf6 Rxf6 44. Rd2 Re7 45. Rf5 Kg6 46. Rdf2 Re4
47. Rd5 Rxf2 48. Kxf2 Nf6 49. Rc5 Rxg4 50. Re5 Rc4 51. Re2 Rc3 52. Kg2 Nd5 53.
Kf2 Kf5 54. Rd2 Ke4 55. Ke1 Rxg3 56. Rh2 Rg6 57. c4 Ne3 58. c5 Rg1+ 0-1

[Event "?"]
[Site "ICS Rated Blitz match, 131.24"]
[Date "1997.??.??"]
[Round "?"]
[White "Brause"]
[Black "Lichtzahn"]
[Result "0-1"]
[WhiteElo "2290"]
[BlackElo "2565"]
[PlyCount "100"]

1. e4 e5 2. Nf3 Nc6 3. Nc3 Nf6 4. Nxe5 Nxe5 5. d4 Ng6 6. e5 Ng8 7. Bc4 c6 8.
Qe2 Qb6 9. f4 Nh6 10. Qe4 Be7 11. d5 Bb4 12. d6 O-O 13. a3 Bxc3+ 14. bxc3 Ng4
15. Qd4 Qxd4 16. cxd4 Nh4 17. O-O Nf5 18. Be2 h5 19. Rd1 b6 20. Rd2 g6 21. Bb2
Nge3 22. Bd3 a5 23. c4 Ba6 24. Rc1 Rac8 25. Kf2 b5 26. Bxf5 Nxf5 27. cxb5 Bxb5
28. Rc5 Rb8 29. a4 Bxa4 30. Rxa5 Ra8 31. Rc5 Bb3 32. Bc3 Ra3 33. Ke2 Rfa8 34.
Bb2 Ra2 35. g3 R8a4 36. Ke1 Nxd4 37. Bxd4 Rxd2 38. Kxd2 Rxd4+ 39. Ke3 Rb4 40.
Rc1 Be6 41. Rc2 Re4+ 42. Kf3 Bg4+ 43. Kf2 g5 44. Ra2 gxf4 45. gxf4 f6 46. Kg3
Re3+ 47. Kg2 fxe5 48. fxe5 Rxe5 49. Ra8+ Kf7 50. h3 Bd1 0-1

[Event "?"]
[Site "ICS Rated Blitz match, 131.24"]
[Date "1997.??.??"]
[Round "?"]
[White "Brause"]
[Black "Lichtzahn"]
[Result "0-1"]
[WhiteElo "2290"]
[BlackElo "2570"]
[PlyCount "120"]

1. e4 e5 2. Nf3 Nc6 3. Nc3 Nf6 4. Nxe5 Nxe5 5. d4 Ng6 6. e5 Ng8 7. Bc4 c6 8.
Qe2 Qb6 9. f4 Nh6 10. Qe4 Be7 11. d5 Bb4 12. f5 cxd5 13. Bxd5 Ne7 14. f6 Nxd5
15. fxg7 Rg8 16. Qxd5 Rxg7 17. Bf4 Nf5 18. Qe4 Qd4 19. Qxd4 Nxd4 20. O-O Bxc3
21. bxc3 Ne2+ 22. Kh1 Nxf4 23. Rxf4 b6 24. g3 Bb7+ 25. Kg1 Bd5 26. a4 Rc8 27.
a5 b5 28. Rd4 Rc5 29. Re1 Bc6 30. Re3 Rg5 31. Rh4 Rgxe5 32. Rxe5+ Rxe5 33. Kf2
Be4 34. Rh6 Bg6 35. Rh4 Ke7 36. Rb4 a6 37. Rb1 Re4 38. h4 Ra4 39. Re1+ Kd6 40.
Rd1+ Kc7 41. Rd5 Rc4 42. h5 Bxc2 43. Re5 Rxc3 44. Re7 b4 45. Re3 Bf5 46. Re1 b3
47. g4 b2 48. gxf5 Rc1 49. Rxc1+ bxc1=Q 50. Kf3 Qc3+ 51. Ke4 Qxa5 52. Kd4 Qd2+
53. Kc4 d5+ 54. Kb3 d4 55. Kc4 Qc3+ 56. Kd5 d3 57. Ke4 d2 58. Kf4 d1=Q 59. h6
f6 60. Ke4 Qdf3# 0-1

[Event "?"]
[Site "ICS Rated Blitz match, 131.24"]
[Date "1997.??.??"]
[Round "?"]
[White "Brause"]
[Black "Lichtzahn"]
[Result "0-1"]
[WhiteElo "2285"]
[BlackElo "2575"]
[PlyCount "75"]

1. e4 e5 2. Nf3 Nc6 3. Nc3 Nf6 4. Nxe5 Nxe5 5. d4 Ng6 6. e5 Ng8 7. Bc4 c6 8.
Qe2 Qb6 9. f4 Nh6 10. Ne4 Be7 11. c3 O-O 12. Be3 Nf5 13. O-O-O d5 14. exd6 Nxd6
15. Nxd6 Bxd6 16. g3 Bf5 17. h4 Ne7 18. d5 Qc7 19. dxc6 Nxc6 20. Rhe1 Rae8 21.
Qh5 g6 22. Qe2 Bc5 23. Qd2 Nb4 24. Bxc5 Qxc5 25. Rxe8 Rxe8 26. Qd4 Qxd4 27.
Rxd4 Nc6 28. Rd6 Re3 29. Ba6 Na5 30. Rd5 b6 31. Kd2 Rxg3 32. b4 Nc6 33. Be2 Ne7
34. Rd8+ Kg7 35. Ra8 Nd5 36. Rxa7 Rxc3 37. Bd1 Rd3+ 38. Ke1 0-1

[Event "?"]
[Site "ICS Rated Blitz match, 131.24"]
[Date "1997.??.??"]
[Round "?"]
[White "Brause"]
[Black "Lichtzahn"]
[Result "0-1"]
[WhiteElo "2285"]
[BlackElo "2575"]
[PlyCount "143"]

1. e4 e5 2. Nf3 Nc6 3. Nc3 Nf6 4. Nxe5 Nxe5 5. d4 Ng6 6. e5 Ng8 7. Bc4 c6 8.
Qe2 Qb6 9. f4 Nh6 10. O-O Nf5 11. Kh1 Bb4 12. Ne4 Nxd4 13. Qd1 Be7 14. Rb1 Nf5
15. Qd3 O-O 16. g4 Nh6 17. Be3 Qd8 18. g5 Nf5 19. Rbd1 b5 20. Bb3 a5 21. c3
Nxe3 22. Qxe3 a4 23. Bc2 f6 24. gxf6 gxf6 25. Rg1 fxe5 26. fxe5 Kg7 27. Nd6 a3
28. b3 Rb8 29. Nf5+ Rxf5 30. Bxf5 c5 31. e6 Bb7+ 32. Be4 Bxe4+ 33. Qxe4 d6 34.
Rd5 Qc8 35. Rf1 Qh8 36. Rf7+ Kg8 37. Rd3 Bf8 38. Qf5 Qe5 39. Qxe5 Nxe5 40. Rg3+
Kh8 41. Ra7 Re8 42. Rxa3 Rxe6 43. Ra8 Rf6 44. a4 bxa4 45. bxa4 h5 46. Rg5 h4
47. a5 Kh7 48. Rh5+ Bh6 49. Rxh4 Rf1+ 50. Kg2 Rc1 51. Rh3 Rc2+ 52. Kg1 Kg6 53.
Rd8 Bf4 54. Rxd6+ Kf5 55. Kh1 Ng4 56. Rh5+ Ke4 57. Rb6 Rc1+ 58. Kg2 Ne3+ 59.
Kh3 Rc2 60. Re6+ Kf3 61. Rxe3+ Bxe3 62. Rd5 Bf4 63. Rd3+ Ke4 64. Rd8 Rxc3+ 65.
Kg4 Bxh2 66. Rd2 Be5 67. Re2+ Re3 68. Ra2 Rg3+ 69. Kh4 Rg7 70. Ra4+ Kf5 71. Kh3
Rg3+ 72. Kh2 0-1

[Event "?"]
[Site "ICS Rated Blitz match, 131.24"]
[Date "1997.??.??"]
[Round "?"]
[White "Brause"]
[Black "Lichtzahn"]
[Result "0-1"]
[WhiteElo "2285"]
[BlackElo "2580"]
[PlyCount "150"]

1. e4 e5 2. Nf3 Nc6 3. Nc3 Nf6 4. Nxe5 Nxe5 5. d4 Ng6 6. e5 Ng8 7. Bc4 c6 8.
Qe2 Qb6 9. f4 Nh6 10. O-O Nf5 11. Kh1 Bb4 12. Ne4 Nxd4 13. Qd3 Ne6 14. Be3 Qa5
15. Qb3 Nd8 16. Qd3 O-O 17. c3 Be7 18. Rad1 Ne6 19. Qc2 Qd8 20. Kg1 b6 21. Rd2
b5 22. Bb3 Nc7 23. Rfd1 a5 24. a3 a4 25. Ba2 Ne8 26. Qd3 Kh8 27. c4 bxc4 28.
Qxc4 Qc7 29. g3 f6 30. Nc5 d5 31. exd6 Nxd6 32. Qe2 Ra5 33. Ne6 Bxe6 34. Bxe6
Rb8 35. Rc1 Qb7 36. Rdc2 Rb5 37. Rxc6 Rxb2 38. Qd1 Nf8 39. f5 Nxe6 40. fxe6 Nf5
41. Qf3 Nxe3 42. Qxe3 Rd8 43. Qf3 Ra2 44. R6c3 Qb6+ 45. Kf1 Rdd2 46. Rc8+ Bd8
47. Rxd8+ Rxd8 48. e7 Qa6+ 49. Kg1 Qa7+ 50. Kf1 Qxe7 51. Re1 Qxa3 52. Qxa3 Rxa3
53. Re2 Rad3 54. Re4 R3d4 55. Re3 Rd1+ 56. Kg2 R1d2+ 57. Kh3 h5 58. Rf3 g5 59.
Rxf6 R8d5 60. Rh6+ Kg7 61. Rxh5 g4+ 62. Kxg4 R2d4+ 63. Kf3 Rxh5 64. Ke3 Rxh2
65. Kxd4 Rg2 66. g4 Rxg4+ 67. Kc3 Rg3+ 68. Kb2 a3+ 69. Ka2 Kf6 70. Kb1 Rg2 71.
Ka1 Ke5 72. Kb1 Kd4 73. Ka1 Rg1+ 74. Ka2 Kc3 75. Kxa3 Ra1# 0-1

[Event "?"]
[Site "ICS Rated Blitz match, 131.24"]
[Date "1997.??.??"]
[Round "?"]
[White "Brause"]
[Black "Lichtzahn"]
[Result "0-1"]
[WhiteElo "2280"]
[BlackElo "2580"]
[PlyCount "104"]

1. e4 e5 2. Nf3 Nc6 3. Nc3 Nf6 4. Nxe5 Nxe5 5. d4 Ng6 6. e5 Ng8 7. Bc4 c6 8.
Qe2 Qb6 9. f4 Nh6 10. O-O Nf5 11. Kh1 Bb4 12. Ne4 Nxd4 13. Qd3 Ne6 14. a3 Be7
15. Be3 c5 16. Rad1 O-O 17. Qc3 Qc7 18. Bd5 Rb8 19. Nd6 b5 20. f5 Nxe5 21. Nxc8
Rbxc8 22. fxe6 fxe6 23. Bf3 b4 24. axb4 cxb4 25. Qd2 Qxc2 26. Bxa7 Qxd2 27.
Rxd2 d5 28. Kg1 Nxf3+ 29. gxf3 Bd6 30. Re1 Rc6 31. Kg2 Kf7 32. Be3 Rc4 33. Rde2
e5 34. Rd1 Ke6 35. Rd3 Rxf3 36. Red2 e4 37. Rxd5 Bxh2 38. Kxh2 Rxe3 39. Rd6+
Ke5 40. R6d5+ Kf4 41. Rd7 Rc6 42. Rxg7 Rh6+ 43. Kg2 Rg6+ 44. Rxg6 hxg6 45. Kf1
g5 46. Rh2 Rb3 47. Rd2 g4 48. Re2 Rd3 49. Rc2 b3 50. Rc7 Rd2 51. Rf7+ Kg3 52.
Re7 Rxb2 0-1

[Event "?"]
[Site "ICS Rated Blitz match, 131.24"]
[Date "1997.??.??"]
[Round "?"]
[White "Brause"]
[Black "Lichtzahn"]
[Result "0-1"]
[WhiteElo "2280"]
[BlackElo "2580"]
[PlyCount "101"]

1. e4 e5 2. Nf3 Nc6 3. Nc3 Nf6 4. Nxe5 Nxe5 5. d4 Ng6 6. e5 Ng8 7. Bc4 c6 8.
Qe2 Qb6 9. f4 Nh6 10. O-O Nf5 11. Kh1 Bb4 12. Ne4 Nxd4 13. Qd1 Be7 14. Rb1 Nf5
15. Qd3 O-O 16. g4 Nh6 17. Be3 Qd8 18. g5 Nf5 19. Rbd1 b5 20. Bb3 a5 21. c3
Nxe3 22. Qxe3 a4 23. Bc2 f6 24. exf6 gxf6 25. f5 Ne5 26. Qg3 Kh8 27. Rfe1 Rg8
28. Qf4 Nc4 29. gxf6 Bxf6 30. b3 axb3 31. axb3 Be5 32. Qf2 Na3 33. Bd3 Qc7 34.
c4 bxc4 35. bxc4 d6 36. f6 Qf7 37. Bf1 d5 38. cxd5 cxd5 39. Nc5 Bg4 40. Rxe5
Bxd1 41. Re7 Qg6 42. Bg2 Nc2 43. h3 Ra1 44. Nb3 Bf3+ 45. Nxa1 Bxg2+ 46. Kh2 Qh5
47. Qxg2 Rxg2+ 48. Kxg2 Qg6+ 49. Kh1 Nxa1 50. Re6 Kg8 51. Kh2 0-1

[Event "?"]
[Site "ICS Rated Blitz match, 131.24"]
[Date "1997.??.??"]
[Round "?"]
[White "Brause"]
[Black "Lichtzahn"]
[Result "0-1"]
[WhiteElo "2275"]
[BlackElo "2585"]
[PlyCount "80"]

1. e4 e5 2. Nf3 Nc6 3. Nc3 Nf6 4. Nxe5 Nxe5 5. d4 Ng6 6. e5 Ng8 7. Bc4 c6 8.
Qe2 Qb6 9. f4 Nh6 10. O-O Nf5 11. Kh1 Bb4 12. Ne4 Nxd4 13. Qd3 Ne6 14. a3 Be7
15. Be3 c5 16. Rad1 O-O 17. Qc3 Qc7 18. Bd5 Rb8 19. Nd6 b5 20. f5 Nxe5 21. Nxc8
Rbxc8 22. fxe6 fxe6 23. Bf3 b4 24. Qb3 Nxf3 25. gxf3 Qc6 26. Kg2 c4 27. Qa2
bxa3 28. Bxa7 Rf5 29. Rde1 Rcf8 30. Re3 Rg5+ 31. Kh1 Qa4 32. Rxa3 Bxa3 33. Qxa3
Qxc2 34. Rg1 Rxg1+ 35. Kxg1 Ra8 36. Qb4 Qb1+ 37. Kg2 c3 38. Qxc3 Rxa7 39. Kh3
Kf7 40. Qb4 Rc7 0-1

[Event "?"]
[Site "ICS Rated Blitz match, 131.24"]
[Date "1997.??.??"]
[Round "?"]
[White "Brause"]
[Black "struppi"]
[Result "0-1"]
[WhiteElo "2280"]
[BlackElo "2245"]
[PlyCount "50"]

1. e4 e5 2. Nf3 Nc6 3. Nc3 Nf6 4. Nxe5 Nxe5 5. d4 Ng6 6. e5 Ng8 7. Bc4 d6 8.
Qf3 f6 9. O-O dxe5 10. dxe5 Nxe5 11. Qe4 Ne7 12. Rd1 Bd7 13. Be6 Qc8 14. Rxd7
Nxd7 15. Be3 Nc6 16. Bf5+ Kd8 17. Bxh7 a6 18. Rd1 Nce5 19. f4 Nf7 20. Bg6 Nd6
21. Qe6 b6 22. Rd4 Rb8 23. Rd1 Rh6 24. Bd3 Rh5 25. Bg6 Rh8 0-1

[Event "?"]
[Site "ICS Rated Blitz match, 131.24"]
[Date "1997.??.??"]
[Round "?"]
[White "Brause"]
[Black "struppi"]
[Result "1/2-1/2"]
[WhiteElo "2270"]
[BlackElo "2255"]
[PlyCount "71"]

1. e4 e5 2. Nf3 Nc6 3. Nc3 Nf6 4. Nxe5 Nxe5 5. d4 Ng6 6. e5 Ng8 7. Bc4 d6 8.
Qf3 f6 9. O-O dxe5 10. dxe5 Nxe5 11. Qe4 Ne7 12. Rd1 Bd7 13. Be6 Qc8 14. Rxd7
Nxd7 15. Be3 Nc6 16. Rd1 Bd6 17. Nb5 Ke7 18. Bh3+ Kf8 19. Nxd6 cxd6 20. Rxd6
Nce5 21. Qb4 Qc4 22. Rxf6+ Ke8 23. Bxd7+ Kd8 24. Qxb7 gxf6 25. Qxa8+ Kxd7 26.
Qxh8 Qxc2 27. h3 Ke7 28. Bxa7 Nf3+ 29. gxf3 Qc1+ 30. Kh2 Qf4+ 31. Kg2 Qg5+ 32.
Kf1 Qc1+ 33. Ke2 Qxb2+ 34. Kd3 Qb5+ 35. Kc2 Qc4+ 36. Kb2 1/2-1/2

[Event "?"]
[Site "ICS Rated Blitz match, 131.24"]
[Date "1997.??.??"]
[Round "?"]
[White "Brause"]
[Black "Wildsau"]
[Result "0-1"]
[WhiteElo "2265"]
[BlackElo "2495"]
[PlyCount "122"]

1. e4 e5 2. Nf3 Nc6 3. Nc3 Nf6 4. Nxe5 Nxe5 5. d4 Nc6 6. d5 Ne5 7. f4 Ng6 8. e5
Ng8 9. d6 cxd6 10. exd6 Qh4+ 11. g3 Qf6 12. Nb5 Kd8 13. Be3 b6 14. Nxa7 Bxd6
15. Bxb6+ Ke8 16. Qf3 Rb8 17. Qe3+ Qe6 18. O-O-O Bb7 19. Rg1 Be7 20. Qxe6 fxe6
21. Bd3 Nf6 22. Bd4 Kf7 23. f5 exf5 24. Bxf5 Ra8 25. Rgf1 d6 26. g4 h6 27. Bd3
Ne5 28. Be2 Kg6 29. Rf4 Ne4 30. Kb1 Bg5 31. Rf5 h5 32. h4 hxg4 33. Rxg5+ Nxg5
34. hxg5 Rh2 35. Re1 Bf3 36. Bf1 g3 37. Nb5 Bd5 38. b3 Nf3 39. Rd1 Nxd4 40.
Nxd4 g2 41. Bxg2 Rxg2 42. Ne2 Bf3 43. Nf4+ Kxg5 44. Nxg2 Bxd1 45. Ne3 Be2 46.
a4 Re8 47. Nd5 Bf3 48. Nc7 Re1+ 49. Kb2 Kf4 50. b4 g5 51. Kc3 g4 52. a5 g3 53.
Nb5 g2 54. Kb3 Rb1+ 55. Ka2 g1=Q 56. Nc3 Rxb4 57. Ka3 Rc4 58. Kb2 Qd4 59. Ka2
Qxc3 60. a6 Qxc2+ 61. Ka3 Ra4# 0-1

[Event "?"]
[Site "ICS Rated Blitz match, 131.24"]
[Date "1997.??.??"]
[Round "?"]
[White "Brause"]
[Black "Wildsau"]
[Result "0-1"]
[WhiteElo "2260"]
[BlackElo "2495"]
[PlyCount "155"]

1. e4 e5 2. Nf3 Nc6 3. Nc3 Nf6 4. Nxe5 Nxe5 5. d4 Nc6 6. d5 Ne5 7. f4 Ng6 8. e5
Ng8 9. d6 cxd6 10. exd6 Qh4+ 11. g3 Qf6 12. Nb5 Kd8 13. Be3 b6 14. Nxa7 Bxd6
15. Bxb6+ Ke7 16. Qf3 Rb8 17. Nxc8+ Rxc8 18. Qe3+ Qe6 19. O-O-O Nf6 20. Bh3
Qxe3+ 21. Bxe3 Bc5 22. Rhe1 Bxe3+ 23. Rxe3+ Kd8 24. a4 Ra8 25. b3 Ra5 26. Bf1
Ng4 27. Red3 Nf8 28. R1d2 Nf6 29. Re3 Ne6 30. Bb5 Ra7 31. c3 Nc5 32. Bc4 Rf8
33. Rd4 Nb7 34. Kb2 Ra5 35. Ka2 Ng4 36. Re2 Kc7 37. Kb1 Nd6 38. Red2 Nxc4 39.
Rxc4+ Kd8 40. Rcd4 Nf6 41. Kc2 Re8 42. Kd3 d5 43. Re2 Rxe2 44. Kxe2 Ke7 45. c4
dxc4 46. Rxc4 Nd5 47. Kd3 Ke6 48. Kd4 Kd6 49. Rc8 Nf6 50. Kc4 g6 51. Rd8+ Ke6
52. Rd4 Nd5 53. Re4+ Kd6 54. Kd4 Ne7 55. Kc3 h6 56. Rd4+ Nd5+ 57. Kd3 Ra7 58.
Ke2 Rb7 59. Rd3 Kc5 60. Kf3 Re7 61. Kf2 Re4 62. Rd2 Rd4 63. Rb2 Kb4 64. f5 gxf5
65. Kf1 Kc3 66. Rb1 Rd2 67. Kg1 Kc2 68. Rf1 Kxb3 69. Rxf5 Ne3 70. Rf4 Rg2+ 71.
Kh1 Ra2 72. h4 Rxa4 73. Rf3 Re4 74. Rxf7 Rd4 75. Re7 Rd1+ 76. Kh2 Rd3 77. Rb7+
Kc3 78. Rc7+ 0-1

[Event "?"]
[Site "ICS Rated Blitz match, 131.24"]
[Date "1997.??.??"]
[Round "?"]
[White "Brause"]
[Black "Lichtzahn"]
[Result "0-1"]
[WhiteElo "2260"]
[BlackElo "2585"]
[PlyCount "100"]

1. e4 e5 2. Nf3 Nc6 3. Nc3 Nf6 4. Nxe5 Nxe5 5. d4 Ng6 6. e5 Ng8 7. Bc4 c6 8.
Qf3 d5 9. exd6 Be6 10. Bxe6 fxe6 11. Ne4 Qa5+ 12. Bd2 Qd5 13. Bb4 O-O-O 14. Bc5
Nf6 15. Nxf6 Qxf3 16. gxf3 gxf6 17. Bxa7 Bxd6 18. O-O-O Nh4 19. Rd3 Rhg8 20.
Re1 Rde8 21. h3 Rg2 22. c4 Bb4 23. Re4 Rg1+ 24. Kc2 Ng2 25. Rd1 Rxd1 26. Kxd1
f5 27. Re5 Nf4 28. Bb6 Be7 29. Kc2 Kd7 30. a4 h5 31. Ra5 Bd8 32. Bxd8 Rxd8 33.
Re5 Ke7 34. Kc3 Nxh3 35. b4 Ng1 36. Re1 Nxf3 37. Rh1 h4 38. Rh3 Rh8 39. b5 Ng5
40. Rh2 Kd6 41. Kd3 h3 42. Ke3 c5 43. dxc5+ Kxc5 44. a5 Kxc4 45. a6 b6 46. a7
Ra8 47. Kf4 Nf7 48. Rxh3 Rxa7 49. Re3 Ra4 50. Rxe6 Kd5+ 0-1

[Event "?"]
[Site "ICS Rated Blitz match, 131.24"]
[Date "1997.??.??"]
[Round "?"]
[White "Brause"]
[Black "Lichtzahn"]
[Result "0-1"]
[WhiteElo "2260"]
[BlackElo "2590"]
[PlyCount "154"]

1. e4 e5 2. Nf3 Nc6 3. Nc3 Nf6 4. Nxe5 Nxe5 5. d4 Ng6 6. e5 Ng8 7. Bc4 c6 8.
Qf3 d5 9. exd6 Be6 10. Bxe6 fxe6 11. Ne4 Qa5+ 12. c3 Qd5 13. Nc5 Qxf3 14. gxf3
Bxd6 15. Nxb7 Be7 16. O-O Nh4 17. f4 Nf6 18. Kh1 O-O 19. Na5 Rac8 20. Re1 Rfe8
21. Re2 Nd5 22. Re4 Bf6 23. Nb3 Nf5 24. Nc5 Rb8 25. Re2 Re7 26. Be3 Nh4 27. Nd3
Rf8 28. Rae1 h6 29. Bc1 Nf3 30. Rf1 Rc8 31. Re4 Nh4 32. Rfe1 Kf7 33. Ne5+ Ke8
34. Bd2 Bxe5 35. fxe5 Nf3 36. R1e2 Kd7 37. Kg2 Rf8 38. Rg4 Rf5 39. c4 Nb6 40.
b3 Nxd2 41. Rxd2 g5 42. Rg3 h5 43. Rdd3 Ref7 44. Rgf3 Nc8 45. Rxf5 Rxf5 46. Rh3
g4 47. Rd3 Ne7 48. f3 gxf3+ 49. Rxf3 Rg5+ 50. Kf2 Rg4 51. Rd3 Nf5 52. b4 Rf4+
53. Kg1 Kc7 54. d5 exd5 55. cxd5 cxd5 56. Rxd5 Ne3 57. Rc5+ Kb6 58. h3 Rxb4 59.
Rc8 Re4 60. Re8 Nd5 61. Kf2 Rf4+ 62. Kg2 h4 63. e6 Kc6 64. e7 Ne3+ 65. Kg1 Rf1+
66. Kh2 Rf2+ 67. Kg1 Rg2+ 68. Kh1 Kd7 69. Rh8 Kxe7 70. Rxh4 Kd6 71. Ra4 Rg7 72.
h4 Nf5 73. Kh2 Rh7 74. Kh3 Rxh4+ 75. Rxh4 Nxh4 76. Kg4 Kc5 77. Kf4 Kb4 0-1

[Event "?"]
[Site "ICS Rated Blitz match, 131.24"]
[Date "1997.??.??"]
[Round "?"]
[White "Brause"]
[Black "Lichtzahn"]
[Result "0-1"]
[WhiteElo "2260"]
[BlackElo "2590"]
[PlyCount "102"]

1. e4 e5 2. Nf3 Nc6 3. Nc3 Nf6 4. Nxe5 Nxe5 5. d4 Ng6 6. e5 Ng8 7. Bc4 c6 8.
Qf3 d5 9. exd6 Be6 10. Bxe6 fxe6 11. Ne4 Qa5+ 12. Bd2 Qd5 13. h4 h5 14. Qd3 Nh6
15. Nf6+ gxf6 16. Qxg6+ Nf7 17. d7+ Qxd7 18. Qxf6 Rg8 19. O-O-O Rxg2 20. Rhe1
Nd8 21. Qf5 Qf7 22. Qe4 Rg4 23. Qd3 Qxf2 24. d5 Qd4 25. Qh7 cxd5 26. Bg5 Qc4
27. Rf1 Bb4 28. Bxd8 Rf4 29. Qg6+ Kd7 30. Qg7+ Kc8 31. Rg1 Rf2 32. c3 Qf4+ 33.
Kb1 Bf8 34. Qg6 Kxd8 35. Qxe6 Qf5+ 36. Qxf5 Rxf5 37. Rdf1 Rxf1+ 38. Rxf1 Kc7
39. Rf5 Bd6 40. Rxh5 Kc6 41. Rf5 Re8 42. h5 Re2 43. a3 a5 44. a4 Re4 45. b3 Be5
46. Kc2 Kd6 47. Rf8 Rh4 48. Rd8+ Ke6 49. Re8+ Kf5 50. Rf8+ Ke4 51. Rf2 Rh3 0-1

[Event "?"]
[Site "ICS Rated Blitz match, 131.24"]
[Date "1997.??.??"]
[Round "?"]
[White "Brause"]
[Black "Lichtzahn"]
[Result "0-1"]
[WhiteElo "2255"]
[BlackElo "2595"]
[PlyCount "44"]

1. e4 e5 2. Nf3 Nc6 3. Nc3 Nf6 4. Nxe5 Nxe5 5. d4 Ng6 6. e5 Ng8 7. Bc4 c6 8.
Qf3 d5 9. exd6 Be6 10. d5 Ne5 11. Qh5 Nxc4 12. dxe6 Nxd6 13. O-O Nf6 14. exf7+
Nxf7 15. Re1+ Be7 16. Qe2 Nd5 17. Bd2 O-O 18. Nxd5 Qxd5 19. Bf4 Rae8 20. c4 Qf5
21. Bg3 Nd6 22. Qe3 Nxc4 0-1